Dalí, Miró or Picasso? Quiz Stats

 Plays Quiz Updated Nov 26, 2014

Score 0/24 Timer 04:00
5 Plays Today
% Correct
Salvador Dalí-The Persistence of Memory
96.4%
Salvador Dalí-Soft Construction with Boiled Beans
84.4%
Salvador Dalí-Swans Reflecting Elephants
84.2%
Pablo Picasso-Guernica
83%
Joan Miró-Spanish Dancer
81.7%
Salvador Dalí-Geopoliticus Child Watching the Birth of the New Man
81.4%
Pablo Picasso-Studio with Plaster Head
81.3%
Pablo Picasso-Self Portrait
81.3%
Salvador Dalí-Sleep
80.9%
Pablo Picasso-Weeping Woman
80.4%
Joan Miró-unknown title
80%
Pablo Picasso-The Old Guitarist
78.5%
% Correct
Joan Miró-The Gold of the Azure
77.8%
Salvador Dalí-Crucifixion
75.6%
Joan Miró-Poetry and Light
74.8%
Salvador Dalí-Last Supper
74.6%
Pablo Picasso-The Dream
67.8%
Salvador Dalí-Paranoiac Visage
64.6%
Joan Miró-Rooster
57.1%
Joan Miró-North South
41.1%
Pablo Picasso-untitled
38.6%
Joan Miró-Still Life with Old Shoe
37.5%
Joan Miró-unknown title
34.9%
Pablo Picasso-Baboon and Child
28.5%

You're not logged in!

Compare scores with friends on all Sporcle quizzes.
OR
Log In

You Might Also Like...

Show Comments

Extras

Top Quizzes Today


Score Distribution

Your Account Isn't Verified!

In order to create a playlist on Sporcle, you need to verify the email address you used during registration. Go to your Sporcle Settings to finish the process.

Report this User

Report this user for behavior that violates our Community Guidelines.

Details: